Young living

Build a foundation of life management skills for your middle school students. Solid content and a vibrant visual appeal make this text a favorite comprehensive overview of all family and consumer sciences areas.

Guardat en:
Dades bibliogràfiques
Autor principal: Clayton, Nanalee
Format: Llibre
Idioma:Undetermined
Publicat: New York Glencoe/ McGraw- Hill 1997
Matèries:
Etiquetes: Afegir etiqueta
Sense etiquetes, Sigues el primer a etiquetar aquest registre!
Thư viện lưu trữ: Trung tâm Học liệu Trường Đại học Cần Thơ
LEADER 00743nam a2200205Ia 4500
001 CTU_108636
008 210402s9999 xx 000 0 und d
082 |a 640 
082 |b C619/1997 
100 |a Clayton, Nanalee 
245 0 |a Young living 
245 0 |c Nanalee Clayton 
260 |a New York 
260 |b Glencoe/ McGraw- Hill 
260 |c 1997 
520 |a Build a foundation of life management skills for your middle school students. Solid content and a vibrant visual appeal make this text a favorite comprehensive overview of all family and consumer sciences areas. 
650 |a Home economics,Adolescence,Teenagers 
650 |z United states 
904 |i M.Loan 
980 |a Trung tâm Học liệu Trường Đại học Cần Thơ